[Event "CAN-Zonal qual. Online w"]
[Site "Internet Chess Club"]
[Date "2021.06.04"]
[Round "7"]
[White "Demchenko, Svitlana"]
[Black "D'Souza, Carina"]
[Result "1-0"]
[WhiteElo "2071"]
[BlackElo "1302"]
[PlyCount "43"]
[EventDate "2021.06.02"]
[EventType "tourn"]
[EventRounds "10"]
[EventCountry "CAN"]

1. e4 d5 2. exd5 Qxd5 3. Nc3 Qa5 4. d4 Nf6 5. Bd2 c6 6. Nf3 Bf5 7. Bc4 e6 8.
Qe2 Nbd7 9. d5 cxd5 10. Nxd5 Qd8 11. Nd4 Bg4 12. Nxf6+ Nxf6 13. Bb5+ Nd7 14.
Qxg4 a6 15. Bxd7+ Qxd7 16. Bc3 O-O-O 17. O-O-O Qc7 18. Nb3 Be7 19. Kb1 Rhg8 20.
Qf3 f6 21. Ba5 Rxd1+ 22. Rxd1 1-0

[Event "CAN-Zonal qual. Online w"]
[Site "Internet Chess Club"]
[Date "2021.06.04"]
[Round "7"]
[White "Tsukerman, Julia"]
[Black "Zhou, Qiyu"]
[Result "0-1"]
[WhiteElo "1523"]
[BlackElo "2229"]
[PlyCount "50"]
[EventDate "2021.06.02"]
[EventType "tourn"]
[EventRounds "10"]
[EventCountry "CAN"]

1. e4 e5 2. Nf3 Nc6 3. Bb5 a6 4. Ba4 Nf6 5. d3 b5 6. Bb3 Bc5 7. c3 d6 8. O-O
O-O 9. h3 h6 10. Nbd2 Ba7 11. Re1 Bd7 12. Nf1 Ne7 13. d4 Ng6 14. Ng3 Re8 15. d5
c6 16. dxc6 Bxc6 17. Bc2 Qc7 18. Be3 Bxe3 19. Rxe3 Nf4 20. a4 Rad8 21. Qf1 d5
22. exd5 N6xd5 23. Ree1 Nb6 24. a5 Nc4 25. b3 Bxf3 0-1

[Event "CAN-Zonal qual. Online w"]
[Site "Internet Chess Club"]
[Date "2021.06.04"]
[Round "8"]
[White "D'Souza, Carina"]
[Black "Pham, Ngoc"]
[Result "0-1"]
[WhiteElo "1302"]
[BlackElo "2235"]
[PlyCount "62"]
[EventDate "2021.06.02"]
[EventType "tourn"]
[EventRounds "10"]
[EventCountry "CAN"]

1. d4 Nf6 2. c4 g6 3. Nc3 Bg7 4. e4 d6 5. h3 O-O 6. Be3 Nc6 7. g4 e5 8. d5 Nd4
9. Be2 c5 10. Nf3 Ne8 11. Nd2 f5 12. gxf5 gxf5 13. exf5 Bxf5 14. Nde4 Nf6 15.
Bg5 Qd7 16. Bxf6 Bxf6 17. Bd3 Bh4 18. Qh5 Bg6 19. Qg4 Nf3+ 20. Ke2 Nd4+ 21. Ke1
Qe7 22. Rf1 Kh8 23. Kd2 Rf4 24. Qg2 Rg8 25. Qh1 Bh5 26. Rae1 Bf3 27. Qh2 Rg2
28. Qxf4 exf4 29. Nxc5 Qf7 30. Ne6 Bxf2 31. Nxd4 Be3# 0-1

[Event "CAN-Zonal qual. Online w"]
[Site "Internet Chess Club"]
[Date "2021.06.04"]
[Round "8"]
[White "Zhou, Qiyu"]
[Black "Demchenko, Svitlana"]
[Result "1/2-1/2"]
[WhiteElo "2229"]
[BlackElo "2071"]
[PlyCount "125"]
[EventDate "2021.06.02"]
[EventType "tourn"]
[EventRounds "10"]
[EventCountry "CAN"]

1. e4 d5 2. exd5 Qxd5 3. Nc3 Qd6 4. Bc4 Nf6 5. d3 a6 6. Qe2 b5 7. Bb3 Bb7 8.
Nf3 e6 9. Be3 c5 10. a4 b4 11. Nb1 Nbd7 12. a5 Nd5 13. Nbd2 Be7 14. Nc4 Qc7 15.
O-O O-O 16. Bd2 Nf4 17. Bxf4 Qxf4 18. Qe3 Qg4 19. Ne1 Rac8 20. Qg3 Qh5 21. f4
Kh8 22. Nf3 Nf6 23. Qg5 Bxf3 24. Rxf3 Qxg5 25. fxg5 Nd5 26. Raf1 Kg8 27. h4 f6
28. gxf6 Bxf6 29. g3 Rc7 30. Kg2 Re8 31. Nd6 Ree7 32. Bc4 Rc6 33. Ne4 Kf7 34.
Ng5+ Ke8 35. Nxh7 Bxb2 36. Ng5 Bd4 37. Nxe6 Rcxe6 38. Bxd5 Re2+ 39. Kh3 Rxc2
40. Rf8+ Kd7 41. Ra8 Rc3 42. Bc4 Ra3 43. Rxa6 b3 44. Ra7+ Kd6 45. Ra6+ Kd7 46.
Bb5+ Kc7 47. Rc6+ Kb7 48. Rb6+ Ka7 49. Ra6+ Kb7 50. Rf8 c4 51. Raa8 c3 52.
Rab8+ Kc7 53. Rfc8+ Kd6 54. Bc4 c2 55. Bxb3 Rxb3 56. Rxb3 Rc7 57. Rxc7 Kxc7 58.
Rb4 c1=Q 59. Rc4+ Qxc4 60. dxc4 Kd6 61. Kg4 Kc5 62. Kf5 Kxc4 63. Kg6 1/2-1/2

[Event "CAN-Zonal qual. Online w"]
[Site "Internet Chess Club"]
[Date "2021.06.04"]
[Round "9"]
[White "Demchenko, Svitlana"]
[Black "Tsukerman, Julia"]
[Result "0-1"]
[WhiteElo "2071"]
[BlackElo "1523"]
[PlyCount "74"]
[EventDate "2021.06.02"]
[EventType "tourn"]
[EventRounds "10"]
[EventCountry "CAN"]

1. e4 c5 2. Nf3 d6 3. d4 cxd4 4. Nxd4 Nf6 5. Nc3 a6 6. Be2 e5 7. Nb3 Be6 8. f4
exf4 9. Bxf4 Nc6 10. Qd3 Ne5 11. Qg3 Ng6 12. Be3 Qc7 13. Nd4 Bc4 14. O-O O-O-O
15. Na4 Bxe2 16. Nxe2 Re8 17. Nec3 Kb8 18. Nd5 Nxd5 19. exd5 Ne5 20. Rf2 g6 21.
Nb6 Bg7 22. Bd4 Nf3+ 23. Rxf3 Bxd4+ 24. Kh1 Bxb6 25. c4 Re4 26. Raf1 f5 27. b3
Rhe8 28. h4 Qd8 29. Rf4 Rxf4 30. Rxf4 Re4 31. h5 Rxf4 32. Qxf4 Bc5 33. g3 Qe7
34. hxg6 hxg6 35. Qh6 Qf6 36. Qh7 g5 37. Qg8+ Ka7 0-1

[Event "CAN-Zonal qual. Online w"]
[Site "Internet Chess Club"]
[Date "2021.06.04"]
[Round "9"]
[White "Pham, Ngoc"]
[Black "Zhou, Qiyu"]
[Result "0-1"]
[WhiteElo "2235"]
[BlackElo "2229"]
[PlyCount "164"]
[EventDate "2021.06.02"]
[EventType "tourn"]
[EventRounds "10"]
[EventCountry "CAN"]

1. c4 e5 2. g3 Nc6 3. Nc3 Bc5 4. Bg2 a6 5. a3 Ba7 6. e3 d6 7. Nge2 Bf5 8. d4
exd4 9. exd4 Nge7 10. O-O O-O 11. h3 Bg6 12. g4 Qd7 13. Be3 f5 14. g5 Bh5 15.
Qd2 Na5 16. Qd3 Bf7 17. d5 Nb3 18. Rae1 Nc5 19. Qc2 a5 20. Nf4 Kh8 21. Nb5 Bb6
22. Nd4 Ng6 23. Nfe6 Rfe8 24. Qxf5 Nh4 25. Qg4 Nxg2 26. Kxg2 Nd3 27. Re2 Ne5
28. Qg3 Nxc4 29. Rc1 Nxe3+ 30. fxe3 c5 31. dxc6 bxc6 32. Nf4 c5 33. Nf3 Qf5 34.
Nh4 Qe4+ 35. Qf3 g6 36. Qxe4 Rxe4 37. Kf3 Rae8 38. Nhg2 d5 39. Rd2 R4e5 40. h4
c4 41. Re2 d4 42. exd4 Rxe2 43. Nxe2 Bd5+ 44. Kf2 Bxg2 45. Rxc4 Bd5 46. Rc3
Rf8+ 47. Kg3 Rf7 48. b4 axb4 49. axb4 Bc7+ 50. Kh3 Bd6 51. b5 Rf2 52. Re3 Bg2+
53. Kg4 Bf1 54. Nc3 Rf4+ 55. Kg3 Rxd4+ 56. Kf2 Bc4 57. b6 Rd2+ 58. Ke1 Rb2 59.
Re8+ Kg7 60. Rc8 Be6 61. Rc6 Bg3+ 62. Kd1 Bg4+ 63. Kc1 Rb4 64. Nd5 Rd4 65. Nf6
Bf5 66. h5 Bf4+ 67. Kb2 Bxg5 68. Ne8+ Kh6 69. hxg6 hxg6 70. b7 Rb4+ 71. Kc3
Rxb7 72. Nd6 Bd7 73. Rc5 Bf6+ 74. Kd3 Rb3+ 75. Kc2 Rf3 76. Kd2 Bf5 77. Ke2 Bg4
78. Kd2 Bg5+ 79. Ke1 Be7 80. Rd5 Bxd6 81. Rxd6 Kh5 82. Rd8 Kg5 0-1

[Event "CAN-Zonal qual. Online w"]
[Site "Internet Chess Club"]
[Date "2021.06.04"]
[Round "10"]
[White "Tsukerman, Julia"]
[Black "Pham, Ngoc"]
[Result "1/2-1/2"]
[WhiteElo "1523"]
[BlackElo "2235"]
[PlyCount "34"]
[EventDate "2021.06.02"]
[EventType "tourn"]
[EventRounds "10"]
[EventCountry "CAN"]

1. e4 g6 2. d4 Bg7 3. Nc3 d6 4. Be3 Nc6 5. Qd2 e5 6. Nge2 h6 7. O-O-O f5 8. f3
Nf6 9. Kb1 fxe4 10. Nxe4 Nxe4 11. fxe4 exd4 12. Nxd4 Nxd4 13. Bxd4 O-O 14. Bc4+
Kh7 15. Bxg7 Kxg7 16. e5 Bg4 17. Rde1 dxe5 1/2-1/2

[Event "CAN-Zonal qual. Online w"]
[Site "Internet Chess Club"]
[Date "2021.06.04"]
[Round "10"]
[White "Zhou, Qiyu"]
[Black "D'Souza, Carina"]
[Result "1-0"]
[WhiteElo "2229"]
[BlackElo "1302"]
[PlyCount "59"]
[EventDate "2021.06.02"]
[EventType "tourn"]
[EventRounds "10"]
[EventCountry "CAN"]

1. b4 e5 2. Bb2 Bxb4 3. Bxe5 Nf6 4. a3 Ba5 5. Nf3 d5 6. g3 c5 7. Bg2 Nc6 8. Bb2
O-O 9. O-O d4 10. d3 Bc7 11. Nbd2 Be6 12. Nb3 Bd6 13. e4 Nd7 14. Nfd2 f5 15. f4
Rc8 16. a4 Be7 17. h3 Kh8 18. Kh2 g5 19. c3 dxc3 20. Bxc3+ Bf6 21. Qc2 Nb4 22.
Bxf6+ Qxf6 23. Qb1 gxf4 24. Rxf4 Qc3 25. Qc1 Qxd3 26. Qb2+ Kg8 27. Nxc5 Rxc5
28. Qxb4 b6 29. exf5 Rfxf5 30. Raf1 1-0

[Event "CAN-op rapid Online"]
[Site "Chess.com"]
[Date "2021.05.15"]
[Round "1"]
[White "Dahal, Raj"]
[Black "Li, Jack"]
[Result "1-0"]
[WhiteElo "1818"]
[BlackElo "1320"]
[PlyCount "103"]
[EventDate "2021.05.15"]
[EventType "swiss (rapid)"]
[EventRounds "10"]
[EventCountry "CAN"]

1. Nf3 Nf6 2. d4 g6 3. e3 Bg7 4. Be2 O-O 5. Nc3 d6 6. e4 Nbd7 7. Bg5 h6 8. Bh4
e5 9. Bc4 g5 10. Bg3 Nh5 11. dxe5 Nxg3 12. hxg3 Nxe5 13. Nxe5 dxe5 14. Qxd8
Rxd8 15. Nd5 c6 16. Ne3 b5 17. Bd3 Rd6 18. g4 a5 19. a3 Rb8 20. f3 Be6 21. Nf5
Bxf5 22. exf5 c5 23. Be4 Rbd8 24. O-O Rd2 25. Rf2 Bf8 26. Raf1 c4 27. Rxd2 Rxd2
28. Kh2 Bc5 29. Re1 f6 30. Bc6 b4 31. axb4 axb4 32. Be4 Bd4 33. b3 cxb3 34.
cxb3 Rb2 35. Bd5+ Kf8 36. Rc1 Bc3 37. Kh3 Ke7 38. Ra1 Bd4 39. Ra4 Bc5 40. Ra6
Rb1 41. Re6+ Kd7 42. Rxf6 Be3 43. Rc6 Bf4 44. g3 Be3 45. Rc2 Rh1+ 46. Rh2 Rf1
47. f6 Kd6 48. Be4 Ke6 49. Re2 Rh1+ 50. Kg2 Rg1+ 51. Kh2 Rh1+ 52. Kxh1 1-0

[Event "CAN-op rapid Online"]
[Site "Chess.com"]
[Date "2021.05.15"]
[Round "1"]
[White "Gougeon, Patrick"]
[Black "Mendes, Aaron Reeve"]
[Result "0-1"]
[WhiteElo "1285"]
[BlackElo "1773"]
[PlyCount "50"]
[EventDate "2021.05.15"]
[EventType "swiss (rapid)"]
[EventRounds "10"]
[EventCountry "CAN"]

1. f4 e5 2. fxe5 d6 3. Nf3 dxe5 4. e4 Bc5 5. d3 Bg4 6. c3 Nc6 7. b4 Bb6 8. Be2
Nf6 9. a4 a6 10. Bg5 h6 11. Bxf6 Qxf6 12. Nbd2 Be3 13. Nc4 Bxf3 14. Bxf3 Ba7
15. b5 axb5 16. axb5 Ne7 17. Qe2 O-O 18. Ra5 Nc8 19. b6 Nxb6 20. Nxb6 Bxb6 21.
Rxa8 Rxa8 22. Qb2 Qf4 23. d4 exd4 24. cxd4 Qe3+ 25. Be2 Bxd4 0-1

[Event "CAN-op rapid Online"]
[Site "Chess.com"]
[Date "2021.05.15"]
[Round "1"]
[White "Hemphrey, David"]
[Black "Turcotte, Jonathan"]
[Result "0-1"]
[WhiteElo "1331"]
[BlackElo "1954"]
[PlyCount "170"]
[EventDate "2021.05.15"]
[EventType "swiss (rapid)"]
[EventRounds "10"]
[EventCountry "CAN"]

1. d4 d5 2. c4 c6 3. Nf3 Nf6 4. Nc3 e6 5. Bg5 h6 6. Bf4 dxc4 7. e4 Bb4 8. Qc2
b5 9. Be2 Bb7 10. O-O O-O 11. Rfd1 a6 12. h3 Nbd7 13. a3 Be7 14. Bh2 Qb6 15.
Rab1 c5 16. e5 Nd5 17. Ne4 cxd4 18. Nxd4 Nc5 19. Nd6 Bxd6 20. exd6 Rac8 21. b4
Nd7 22. Rbc1 N5f6 23. Nf3 Qc6 24. Bf1 Rfd8 25. Nd4 Qb6 26. Qe2 Be4 27. Qe3 e5
28. Nc2 Bxc2 29. Qxb6 Nxb6 30. Rxc2 Nfd7 31. g4 f6 32. Bg2 Rb8 33. f4 Kf7 34.
Kf1 g5 35. f5 Rdc8 36. Bg1 Ke8 37. Be3 Kd8 38. Be4 c3 39. Ke2 Na4 40. Ba7 Rc4
41. Bd5 Rbc8 42. Bxc4 Rxc4 43. Be3 Nb8 44. Rh1 Kd7 45. Rd1 Nc6 46. Kf3 Nd4+ 47.
Bxd4 exd4 48. Ke4 d3+ 49. Kxd3 Nb2+ 50. Ke2 Nxd1 51. Kxd1 Kxd6 52. Ke2 Ke5 53.
Ke3 Re4+ 54. Kf3 Rc4 55. Ke3 Rc8 56. Kd3 Kf4 57. Kd4 Kg3 58. Kd5 Kxh3 59. Ke6
Rc6+ 60. Kd5 Rc4 61. Ke6 Kxg4 62. Kxf6 Rc6+ 63. Ke5 h5 64. f6 h4 65. f7 Rc8 66.
Rxc3 Rf8 67. Kf6 h3 68. Rc1 h2 69. Kg7 Rxf7+ 70. Kxf7 Kf3 71. Kg6 g4 72. Kg5 g3
73. Rc3+ Kf2 74. Rc2+ Ke1 75. Kg4 Kd1 76. Ra2 g2 77. Rxg2 h1=Q 78. Kg3 Qe1+ 79.
Kh2 Qe5+ 80. Kh1 Qd5 81. Kh2 Qxg2+ 82. Kxg2 Kc2 83. Kf3 Kb3 84. Ke4 Kxa3 85.
Kd3 Kxb4 0-1

[Event "CAN-op rapid Online"]
[Site "Chess.com"]
[Date "2021.05.15"]
[Round "1"]
[White "Heran-Boily, Samuel"]
[Black "Cliche, Victor"]
[Result "1-0"]
[WhiteElo "1770"]
[BlackElo "1269"]
[PlyCount "35"]
[EventDate "2021.05.15"]
[EventType "swiss (rapid)"]
[EventRounds "10"]
[EventCountry "CAN"]

1. e4 e6 2. d4 d5 3. Nd2 dxe4 4. Nxe4 Nf6 5. Nxf6+ Qxf6 6. Nf3 h6 7. Bd3 Bd6 8.
O-O O-O 9. c3 Bd7 10. Re1 Bc6 11. Ne5 Qh4 12. Bc2 b5 13. Qd3 f5 14. g3 Qf6 15.
Nxc6 Nxc6 16. Qxb5 Ne7 17. Bb3 f4 18. Rxe6 1-0

[Event "CAN-op rapid Online"]
[Site "Chess.com"]
[Date "2021.05.15"]
[Round "1"]
[White "Husek, Paul"]
[Black "Neves, Leonardo"]
[Result "0-1"]
[WhiteElo "1252"]
[BlackElo "1674"]
[PlyCount "90"]
[EventDate "2021.05.15"]
[EventType "swiss (rapid)"]
[EventRounds "10"]
[EventCountry "CAN"]

1. e4 c6 2. d4 d5 3. exd5 cxd5 4. Nf3 Nc6 5. Be2 Nf6 6. Nc3 Bg4 7. h3 Bh5 8.
O-O e6 9. a3 Bd6 10. Nb5 Ne4 11. Nxd6+ Qxd6 12. Ng5 Bxe2 13. Qxe2 Nxg5 14. Bxg5
Nxd4 15. Qd2 Nc6 16. c4 O-O 17. cxd5 Qxd5 18. Qxd5 exd5 19. Rad1 f6 20. Bf4
Rad8 21. Rfe1 Kf7 22. Re2 Rd7 23. b4 Rfd8 24. Red2 Ne5 25. Be3 Nc4 26. Rd3 Nb2
27. R1d2 Nxd3 28. Rxd3 b5 29. Bc5 Re8 30. Kf1 Re4 31. f3 Rc4 32. Re3 d4 33. Rd3
Rc3 34. Rxd4 Rxd4 35. Bxd4 Rxa3 36. Bc5 Ke6 37. Kf2 Kd5 38. Bf8 g6 39. g4 a5
40. bxa5 Rxa5 41. Kg3 Ra2 42. h4 Ra8 43. Be7 Ke6 44. Bb4 Ra4 45. Bf8 b4 0-1

[Event "CAN-op rapid Online"]
[Site "Chess.com"]
[Date "2021.05.15"]
[Round "1"]
[White "Mehri, Shikib"]
[Black "Nemani Dhruv, Sai Venkat"]
[Result "1-0"]
[WhiteElo "1092"]
[BlackElo "1231"]
[PlyCount "105"]
[EventDate "2021.05.15"]
[EventType "swiss (rapid)"]
[EventRounds "10"]
[EventCountry "CAN"]

1. e4 e6 2. d4 d5 3. e5 c5 4. c3 Nc6 5. Nf3 cxd4 6. cxd4 Bb4+ 7. Nc3 Nge7 8.
Bd3 Ng6 9. O-O O-O 10. Bg5 Be7 11. Qd2 f6 12. exf6 Bxf6 13. Be3 e5 14. dxe5
Ngxe5 15. Nxe5 Bxe5 16. Nxd5 g6 17. Bc4 Be6 18. Rad1 Nd4 19. Bxd4 Bxd5 20. Qc3
Bxd4 21. Rxd4 Bxc4 22. Qxc4+ Kg7 23. Rxd8 Rfxd8 24. h3 Rac8 25. Qe4 Rd7 26. Re1
b6 27. Qe5+ Kf8 28. Re3 Rc5 29. Qe6 Rcc7 30. Rf3+ Kg7 31. Rc3 Re7 32. Rxc7 Rxc7
33. Qe5+ Kh6 34. Qxc7 b5 35. Qxa7 b4 36. Qe3+ g5 37. h4 Kg6 38. Qxg5+ Kf7 39.
Qd5+ Kg6 40. h5+ Kg7 41. Qd4+ Kf7 42. Qxb4 Kf6 43. a4 h6 44. a5 Ke5 45. a6 Kd5
46. a7 Ke6 47. a8=Q Kd7 48. Qa7+ Ke6 49. Qa6+ Kf5 50. Qaa5+ Kf6 51. Qbb6+ Ke7
52. Qaa7+ Ke8 53. Qbb8# 1-0

[Event "CAN-op rapid Online"]
[Site "Chess.com"]
[Date "2021.05.15"]
[Round "1"]
[White "Stojanovski, Sandi"]
[Black "Alikaj, Noel"]
[Result "1-0"]
[WhiteElo "2247"]
[BlackElo "1361"]
[PlyCount "33"]
[EventDate "2021.05.15"]
[EventType "swiss (rapid)"]
[EventRounds "10"]
[EventCountry "CAN"]

1. c4 e5 2. Nc3 Nf6 3. Nf3 Nc6 4. e3 d6 5. d4 e4 6. Nd2 Bf5 7. Be2 Qd7 8. a3 a5
9. O-O Be7 10. f3 exf3 11. Bxf3 Ng4 12. Nd5 h5 13. h3 Nf6 14. Qb3 b6 15. Nxf6+
Bxf6 16. Qb5 O-O-O 17. Bxc6 1-0

[Event "CAN-op rapid Online"]
[Site "Chess.com"]
[Date "2021.05.15"]
[Round "1"]
[White "Turgeon-Dalpe, Alexandre"]
[Black "Wong, Guoruey"]
[Result "0-1"]
[WhiteElo "1236"]
[BlackElo "1248"]
[PlyCount "72"]
[EventDate "2021.05.15"]
[EventType "swiss (rapid)"]
[EventRounds "10"]
[EventCountry "CAN"]

1. e4 c5 2. c3 d5 3. exd5 Qxd5 4. d4 Nf6 5. Nf3 Bg4 6. Be2 Nc6 7. Na3 Rd8 8.
Nb5 Qd7 9. Bf4 Nd5 10. Bg3 a6 11. Nd6+ exd6 12. O-O Be7 13. Re1 O-O 14. h3 Bh5
15. Qd2 Nf6 16. Bd3 Bxf3 17. gxf3 cxd4 18. c4 Qxh3 19. Bf1 Qf5 20. Kg2 d5 21.
Bd3 Qd7 22. Qc2 Nb4 23. Bxh7+ Nxh7 24. Qd2 dxc4 25. Rh1 Nd3 26. Qa5 Qd5 27. Qc7
Bd6 28. Qb6 Nf4+ 29. Bxf4 Bxf4 30. Rag1 Rd6 31. Qb4 Rg6+ 32. Kf1 Rxg1+ 33. Kxg1
Re8 34. Qa4 Re1+ 35. Kg2 Qg5+ 36. Kh3 Rxh1# 0-1

[Event "CAN-op rapid Online"]
[Site "Chess.com"]
[Date "2021.05.15"]
[Round "2"]
[White "Alikaj, Noel"]
[Black "Gougeon, Patrick"]
[Result "1-0"]
[WhiteElo "1361"]
[BlackElo "1285"]
[PlyCount "105"]
[EventDate "2021.05.15"]
[EventType "swiss (rapid)"]
[EventRounds "10"]
[EventCountry "CAN"]

1. e4 d5 2. exd5 Qxd5 3. Nc3 Qd6 4. d4 Nf6 5. Nf3 g6 6. Bd2 Bg7 7. Be3 c6 8.
Qd2 Bf5 9. Bd3 Bxd3 10. Qxd3 Na6 11. Qd2 Nc7 12. Ne5 Ncd5 13. Bf4 Nxf4 14. Qxf4
O-O 15. O-O Rad8 16. Rad1 Nd5 17. Nxd5 Qxd5 18. c4 Qe6 19. b3 Rd6 20. Nf3 Qf6
21. Qxf6 Bxf6 22. Rd2 Rfd8 23. Rfd1 h6 24. h3 g5 25. g4 a5 26. Kf1 e5 27. dxe5
Rxd2 28. Rxd2 Rxd2 29. Nxd2 Bxe5 30. Ne4 b6 31. Ke2 Kg7 32. Kd3 f6 33. Nd2 Kg6
34. Nf3 Bd6 35. Nd4 c5 36. Nf5 Be5 37. Ke4 Bc3 38. Kd5 Bd4 39. Nxd4 cxd4 40.
Kxd4 f5 41. Kd5 fxg4 42. hxg4 h5 43. gxh5+ Kxh5 44. Kc6 Kg4 45. Kxb6 Kf3 46. c5
Kxf2 47. c6 g4 48. c7 g3 49. c8=Q g2 50. Qf5+ Kg1 51. Qg4 Kh2 52. Qxg2+ Kxg2
53. Kxa5 1-0

[Event "CAN-op rapid Online"]
[Site "Chess.com"]
[Date "2021.05.15"]
[Round "2"]
[White "Chelkowski, Jan"]
[Black "Chanot, Frederic"]
[Result "0-1"]
[WhiteElo "1202"]
[BlackElo "1154"]
[PlyCount "48"]
[EventDate "2021.05.15"]
[EventType "swiss (rapid)"]
[EventRounds "10"]
[EventCountry "CAN"]

1. e4 e5 2. Nf3 Nc6 3. Bc4 Be7 4. d3 d6 5. h3 Bf6 6. Nc3 Qe7 7. Nd5 Qd8 8.
Nxf6+ Nxf6 9. Ng5 O-O 10. O-O a6 11. f4 b5 12. Bb3 h6 13. fxe5 Nxe5 14. Nf3 Ng6
15. Nd4 Bb7 16. Rf3 c5 17. Ne2 Qb6 18. Kf1 d5 19. exd5 Nxd5 20. Rf5 Nf6 21. Be3
Rac8 22. c4 Nh4 23. Rf4 Nxg2 24. Rf2 Nxe3+ 0-1

[Event "CAN-op rapid Online"]
[Site "Chess.com"]
[Date "2021.05.15"]
[Round "2"]
[White "Cliche, Victor"]
[Black "Hemphrey, David"]
[Result "0-1"]
[WhiteElo "1269"]
[BlackElo "1331"]
[PlyCount "94"]
[EventDate "2021.05.15"]
[EventType "swiss (rapid)"]
[EventRounds "10"]
[EventCountry "CAN"]

1. e4 c5 2. Nf3 Nc6 3. Nc3 e6 4. Bc4 Nge7 5. O-O a6 6. a4 d5 7. exd5 Nxd5 8. d4
Nxc3 9. bxc3 Be7 10. Ba3 O-O 11. dxc5 Qc7 12. Bd3 Rd8 13. Re1 g6 14. Qc1 Bf6
15. Bb2 Ne7 16. c4 Bxb2 17. Qxb2 Qxc5 18. Re5 Qd6 19. Rae1 Nc6 20. R5e4 Qf8 21.
Rh4 Qg7 22. Qc1 b6 23. Ng5 h6 24. Nf3 h5 25. Qe3 Bb7 26. Qxb6 Rab8 27. h3 Ne7
28. Ng5 Be4 29. Qe3 Bxd3 30. cxd3 Nf5 31. Nxe6 Qf6 32. Qe5 Qxe5 33. Rxe5 Nxh4
34. Nxd8 Rxd8 35. Re3 Kg7 36. Kf1 Kf6 37. g3 Nf5 38. Rf3 Kg5 39. Ke2 Nd4+ 40.
Ke3 Nxf3 41. Kxf3 Rxd3+ 42. Ke4 Ra3 43. f3 Rxa4 44. Ke5 Rxc4 45. Kd5 Rc3 46.
Ke4 f5+ 47. Ke5 Rxf3 0-1

[Event "CAN-op rapid Online"]
[Site "Chess.com"]
[Date "2021.05.15"]
[Round "2"]
[White "Li, Jack"]
[Black "Husek, Paul"]
[Result "1-0"]
[WhiteElo "1320"]
[BlackElo "1252"]
[PlyCount "81"]
[EventDate "2021.05.15"]
[EventType "swiss (rapid)"]
[EventRounds "10"]
[EventCountry "CAN"]

1. e4 c5 2. Nc3 Nc6 3. f4 e5 4. fxe5 Nxe5 5. Nf3 d6 6. Nxe5 dxe5 7. Bc4 Nf6 8.
O-O Be7 9. d3 h6 10. Qe1 O-O 11. Qg3 Kh8 12. Nd5 Be6 13. Nxe7 Qxe7 14. Qxe5
Rfe8 15. Bxe6 Qxe6 16. Qxc5 b6 17. Qf2 Rac8 18. h3 Rc5 19. Be3 Rcc8 20. Bxh6
gxh6 21. Qxf6+ Qxf6 22. Rxf6 Kg7 23. Rf2 Rc7 24. g4 Rec8 25. Rc1 Rc6 26. Kg2
Rf6 27. Rxf6 Kxf6 28. Kf3 Rc5 29. d4 Rc4 30. Ke3 Kg5 31. c3 Kh4 32. Rf1 Rc7 33.
Rf6 Kg5 34. Rf5+ Kg6 35. Kf4 Re7 36. h4 Re6 37. h5+ Kg7 38. e5 a5 39. g5 hxg5+
40. Kxg5 Rh6 41. Rf6 1-0

[Event "CAN-op rapid Online"]
[Site "Chess.com"]
[Date "2021.05.15"]
[Round "2"]
[White "Mitrabha, Guha"]
[Black "McAlpin, John-Francis"]
[Result "1-0"]
[WhiteElo "2245"]
[BlackElo "1451"]
[PlyCount "39"]
[EventDate "2021.05.15"]
[EventType "swiss (rapid)"]
[EventRounds "10"]
[EventCountry "CAN"]

1. d4 Nf6 2. c4 e6 3. g3 d5 4. Bg2 dxc4 5. Qa4+ Nbd7 6. Qxc4 e5 7. dxe5 Nxe5 8.
Qb5+ Ned7 9. Nf3 c6 10. Qb3 Bd6 11. O-O O-O 12. Rd1 Qe7 13. Nc3 Nc5 14. Qc2 h6
15. Be3 Be6 16. Nd4 Bd5 17. Nf5 Qe6 18. Nxd6 Qxd6 19. Nxd5 cxd5 20. Qxc5 1-0

[Event "CAN-op rapid Online"]
[Site "Chess.com"]
[Date "2021.05.15"]
[Round "2"]
[White "Neves, Leonardo"]
[Black "Stojanovski, Sandi"]
[Result "0-1"]
[WhiteElo "1674"]
[BlackElo "2247"]
[PlyCount "74"]
[EventDate "2021.05.15"]
[EventType "swiss (rapid)"]
[EventRounds "10"]
[EventCountry "CAN"]

1. d4 Nf6 2. c4 e6 3. g3 d5 4. Nf3 dxc4 5. Bg2 Nc6 6. O-O Rb8 7. a4 Na5 8. Nbd2
c5 9. Qc2 Nd5 10. Nxc4 cxd4 11. Nxa5 Qxa5 12. Nxd4 Be7 13. Bd2 Qb6 14. Nb5 O-O
15. e4 Nb4 16. Qb3 a6 17. Bxb4 Bxb4 18. Qxb4 axb5 19. a5 Qa6 20. Rfd1 b6 21. e5
Bb7 22. axb6 Qxb6 23. Rd6 Qc7 24. Bf1 Qc2 25. Bd3 Qc7 26. Qh4 g6 27. Rd1 Qc5
28. b4 Qxe5 29. Rd7 Bd5 30. Rc1 Kg7 31. Qe7 Qf6 32. Qc5 Qf3 33. Kf1 Qxd3+ 34.
Kg1 Qf3 35. Kf1 Rbc8 36. Qd4+ Kg8 37. Re1 Rc2 0-1

[Event "CAN-op rapid Online"]
[Site "Chess.com"]
[Date "2021.05.15"]
[Round "2"]
[White "Suresh, Pavan"]
[Black "Mehri, Shikib"]
[Result "1-0"]
[WhiteElo "1122"]
[BlackElo "1092"]
[PlyCount "79"]
[EventDate "2021.05.15"]
[EventType "swiss (rapid)"]
[EventRounds "10"]
[EventCountry "CAN"]

1. e4 c5 2. Nf3 g6 3. c3 d5 4. Bb5+ Nc6 5. Bxc6+ bxc6 6. exd5 cxd5 7. O-O Bg7
8. d4 c4 9. Bf4 Nf6 10. Nbd2 O-O 11. Re1 Bf5 12. Nf1 Nh5 13. Qd2 Nxf4 14. Qxf4
Rb8 15. Rab1 Re8 16. Ng3 Be6 17. Ng5 Bf5 18. Nxf5 gxf5 19. Qxf5 e6 20. Qxf7+
Kh8 21. Nxe6 Qe7 22. Qxe7 Rxe7 23. Nxg7 Rxg7 24. g3 Rf7 25. Kg2 Rbf8 26. Re2
Rf6 27. b3 Rc6 28. b4 Rb8 29. Re7 a5 30. b5 Rcb6 31. a4 Rf6 32. Rbe1 Rbf8 33.
f4 Rg8 34. Re8 Rxe8 35. Rxe8+ Kg7 36. Re7+ Kg6 37. Rc7 Rf8 38. Rc6+ Kf5 39. Kf3
Re8 40. g4# 1-0

[Event "CAN-op rapid Online"]
[Site "Chess.com"]
[Date "2021.05.15"]
[Round "2"]
[White "Turcotte, Jonathan"]
[Black "Heran-Boily, Samuel"]
[Result "1-0"]
[WhiteElo "1954"]
[BlackElo "1770"]
[PlyCount "51"]
[EventDate "2021.05.15"]
[EventType "swiss (rapid)"]
[EventRounds "10"]
[EventCountry "CAN"]

1. d4 d5 2. c4 e6 3. Nf3 Nf6 4. Nc3 Be7 5. Bg5 O-O 6. e3 h6 7. Bh4 Nbd7 8. Rc1
c6 9. Bd3 b6 10. O-O Bb7 11. Qe2 Rc8 12. Rfd1 Nh5 13. Bxe7 Qxe7 14. cxd5 cxd5
15. Ba6 Bxa6 16. Qxa6 Nb8 17. Qa4 a6 18. Ne5 Rc7 19. Rc2 Rfc8 20. Rdc1 Nf6 21.
Qb3 Nfd7 22. Nxd5 exd5 23. Rxc7 Rxc7 24. Rxc7 Qd6 25. Rc8+ Kh7 26. Rh8+ 1-0

[Event "CAN-op rapid Online"]
[Site "Chess.com"]
[Date "2021.05.15"]
[Round "2"]
[White "Wong, Guoruey"]
[Black "Dahal, Raj"]
[Result "0-1"]
[WhiteElo "1248"]
[BlackElo "1818"]
[PlyCount "68"]
[EventDate "2021.05.15"]
[EventType "swiss (rapid)"]
[EventRounds "10"]
[EventCountry "CAN"]

1. e4 Nc6 2. d4 e5 3. d5 Nce7 4. d6 cxd6 5. Nc3 Ng6 6. Bc4 Nf6 7. Bg5 a6 8. Bb3
h6 9. Bxf6 Qxf6 10. Nd5 Qd8 11. Qf3 Be7 12. Nc7+ Qxc7 13. Qxf7+ Kd8 14. Qxg6
Bf6 15. Ne2 b5 16. Nc3 Bb7 17. O-O Rf8 18. Bd5 Bc6 19. a3 Qb6 20. Rad1 Kc7 21.
Rd3 Rad8 22. Kh1 Qc5 23. f3 a5 24. Bb3 h5 25. Rfd1 a4 26. Ba2 b4 27. Nd5+ Kb7
28. Nxb4 h4 29. Rxd6 h3 30. Nxc6 hxg2+ 31. Qxg2 dxc6 32. Rd7+ Kb6 33. Qd2 Rxd7
34. Qxd7 Rd8 0-1